000 00684nam a2200205Ii 4500
003 JO-AjNU
008 230605s9999||||xx |||||||||||||| ||und||
017 _a1978/2380
040 _aJO-AjNU
_bara
_erda
_cJO-AjNU
041 _aara
050 1 4 _aDS247.N2 1978
100 3 _aتاليف النجار، مصطفى عبد القادر,
_eauthor
_916934
245 0 0 _aدراسات في تاريخ الخليج العربي المعاصر
264 3 1 _aاليصرة: د.ن، 1978
300 _a115ص
336 _atext
_btxt
_2rdacontent
337 _aunmediated
_bn
_2rdamedia
338 _avolume
_bnc
_2rdacarrier
650 4 _aالخليج العربي المعاصر-تاريخ
_916935
999 _aA5127
_c8695
_d8695